| 000 | 00000nam##2200000za#4500 |
| 001 | 9.567622 |
| 003 | CaOODSP |
| 005 | 20210624180850 |
| 007 | cr ||||||||||| |
| 008 | 150406|1998||||xxc|||||o f|0| 0 eng|d |
| 040 | |aCaOODSP|beng |
| 043 | |an-cn--- |
| 086 | 1 |aBT31-2/1999-III-104E-PDF |
| 110 | 1 |aCanada. |bTreasury Board. |
| 245 | 10|aHuman Rights Tribunal Panel, 1998-1999 estimates, a report on plans and priorities |h[electronic resource] |
| 260 | |aOttawa - Ontario : |bTreasury Board of Canada Secretariat |c[1998]. |
| 300 | |a20p.|borganization chart, tables |
| 490 | 1 |a1998-99 estimates. Part III, Report on plans and priorities |v1998-1999 |
| 590 | |a10-09-Supp|b2010-11-02 |
| 775 | 08|tComité du tribunal des droits de la personne, budget des dépenses 1998-1999, rapport sur les plans et les priorités |w(CaOODSP)9.598949 |
| 776 | 0#|tHuman Rights Tribunal Panel |w(CaOODSP)9.530426 |
| 776 | 0#|tComité du tribunal des droits de la personne |w(CaOODSP)9.530427 |
| 830 | #0|a1998-99 estimates. Part III, Report on plans and priorities ;|v1998-1999|w(CaOODSP)9.505714 |
| 856 | 40|ahttp://publications.gc.ca|qPDF|s79 KB|uhttps://publications.gc.ca/collections/Collection/BT31-2-1999-III-104E.pdf|y1998-1999 |